<?xml version="1.0" encoding="UTF-8"?>
<record
    xmlns:xsi="http://www.w3.org/2001/XMLSchema-instance"
    xsi:schemaLocation="http://www.loc.gov/MARC21/slim http://www.loc.gov/standards/marcxml/schema/MARC21slim.xsd"
    xmlns="http://www.loc.gov/MARC21/slim">

  <leader>00909nam a22002177a 4500</leader>
  <datafield tag="999" ind1=" " ind2=" ">
    <subfield code="c">330177</subfield>
    <subfield code="d">330177</subfield>
  </datafield>
  <controlfield tag="003">NUST</controlfield>
  <controlfield tag="005">20170612135956.0</controlfield>
  <controlfield tag="008">160204b        xxu||||| |||| 00| 0 eng d</controlfield>
  <datafield tag="020" ind1=" " ind2=" ">
    <subfield code="a">9788120347359</subfield>
  </datafield>
  <datafield tag="040" ind1=" " ind2=" ">
    <subfield code="c">LIBRARY</subfield>
  </datafield>
  <datafield tag="082" ind1=" " ind2=" ">
    <subfield code="a">628.3 KAR</subfield>
  </datafield>
  <datafield tag="100" ind1=" " ind2=" ">
    <subfield code="9">16257</subfield>
    <subfield code="a">Karia, G. L.</subfield>
  </datafield>
  <datafield tag="245" ind1=" " ind2=" ">
    <subfield code="a">Wastewater treatment : </subfield>
    <subfield code="c">G.L. Karia</subfield>
    <subfield code="b">concepts and design approach</subfield>
  </datafield>
  <datafield tag="250" ind1=" " ind2=" ">
    <subfield code="a">-</subfield>
  </datafield>
  <datafield tag="260" ind1=" " ind2=" ">
    <subfield code="a">New Delhi</subfield>
    <subfield code="b">PHI Learning Private Limited</subfield>
    <subfield code="c">c.2013</subfield>
  </datafield>
  <datafield tag="300" ind1=" " ind2=" ">
    <subfield code="a">437p.</subfield>
  </datafield>
  <datafield tag="500" ind1=" " ind2=" ">
    <subfield code="a">P.B</subfield>
  </datafield>
  <datafield tag="650" ind1=" " ind2=" ">
    <subfield code="9">16261</subfield>
    <subfield code="a">Sewage--Purification</subfield>
    <subfield code="x">ME / IME</subfield>
  </datafield>
  <datafield tag="856" ind1=" " ind2=" ">
    <subfield code="u">http://www.amazon.com/Wastewater-Treatment-Concepts-G-Karia/dp/8120328604/ref=sr_1_1?s=books&amp;ie=UTF8&amp;qid=1454566694&amp;sr=1-1&amp;keywords=9788120328600</subfield>
  </datafield>
  <datafield tag="942" ind1=" " ind2=" ">
    <subfield code="2">ddc</subfield>
    <subfield code="c">BK</subfield>
    <subfield code="k">628.3 KAR</subfield>
  </datafield>
  <datafield tag="952" ind1=" " ind2=" ">
    <subfield code="0">0</subfield>
    <subfield code="1">0</subfield>
    <subfield code="2">ddc</subfield>
    <subfield code="4">0</subfield>
    <subfield code="7">0</subfield>
    <subfield code="8">NFIC</subfield>
    <subfield code="a">IESE</subfield>
    <subfield code="b">IESE</subfield>
    <subfield code="c">GEN</subfield>
    <subfield code="d">2017-06-12</subfield>
    <subfield code="l">1</subfield>
    <subfield code="o">628.3 KAR</subfield>
    <subfield code="p">IESE-3935</subfield>
    <subfield code="r">2023-06-05</subfield>
    <subfield code="s">2023-02-21</subfield>
    <subfield code="w">2017-06-12</subfield>
    <subfield code="y">BK</subfield>
  </datafield>
</record>
